书目信息 |
| 题名: |
百年无废纸
|
|
| 作者: | 宋安娜 , 沙丘 主编 ;铁凝 著 | |
| 分册: | ||
| 出版信息: | 北京 新星出版社 2009.05 |
|
| 页数: | 297页 | |
| 开本: | 23cm | |
| 丛书名: | ||
| 单 册: | ||
| 中图分类: | I267.3 | |
| 科图分类: | ||
| 主题词: | 小品文 , 小品文--中国--现代--选集 | |
| 电子资源: | ||
| ISBN: | 978-7-80225-675-0 | |
| 000 | 01002nam0 2200289 450 | |
| 001 | 1241989820 | |
| 005 | 20120108114011.39 | |
| 010 | @a978-7-80225-675-0@dCNY30.00 | |
| 090 | @aI267.3@bsq | |
| 096 | @aI267.3@btn | |
| 100 | @a20091221d2009 em y0chiy50 ea | |
| 101 | 0 | @achi |
| 102 | @aCN@b110000 | |
| 105 | @ay z 000cy | |
| 200 | 1 | @a百年无废纸@9bai nian wu fei zhi@b专著@f沙丘,宋安娜主编@g铁凝[等]著 |
| 210 | @a北京@c新星出版社@d2009.05 | |
| 215 | @a297页@d23cm | |
| 304 | @a著者还有:余秋雨、余光中、王蒙 | |
| 330 | @a本书精选《人民日报》、《光明日报》、《文汇报》、《新民晚报》、《羊城晚报》等各大名报副刊精华,分成“生活·人物”、“风情·世态”、“山水·域外”和“逸致·闲情”四个篇章,一共一百余篇新作。 | |
| 606 | 0 | @a小品文 |
| 606 | 0 | @a小品文@y中国@z现代@j选集 |
| 690 | @aI267.3@v4 | |
| 701 | 0 | @a宋安娜@9song an na@4主编 |
| 701 | 0 | @a沙丘@9sha qiu@4主编 |
| 702 | 0 | @a铁凝@c(女,@f1957~)@9tie ning@4著 |
| 801 | 0 | @aCN@b110017@c20090626 |
| 905 | @aZUCC@dI267.3@eS757 | |
| 百年无废纸/沙丘,宋安娜主编/铁凝[等]著.-北京:新星出版社,2009.05 |
| 297页;23cm |
| ISBN 978-7-80225-675-0:CNY30.00 |
| 本书精选《人民日报》、《光明日报》、《文汇报》、《新民晚报》、《羊城晚报》等各大名报副刊精华,分成“生活·人物”、“风情·世态”、“山水·域外”和“逸致·闲情”四个篇章,一共一百余篇新作。 |
| ● |
| 相关链接 |
|
|
|
正题名:百年无废纸
索取号:I267.3/S757
 
预约/预借
| 序号 | 登录号 | 条形码 | 馆藏地/架位号 | 状态 | 备注 |
| 1 | 480963 | 204809635 | 文学库116/116文学库 11排5列5层/ [索取号:I267.3/S757] | 在馆 | |
| 2 | 480964 | 204809644 | 社科二线422/422社科库 37排2列5层/ [索取号:I267.3/S757] | 在馆 | |
| 3 | 480965 | 204809653 | 文学库116/116文学库 11排5列5层/ [索取号:I267.3/S757] | 在馆 |